Los dos grandes postulados de la economia agraria / (Record no. 185106)

MARC details
000 -LEADER
campo de control de longitud fija 00641nam a2200169 i 4500
001 - NÚMERO DE CONTROL
campo de control 185106
003 - IDENTIFICADOR DE NÚMERO DE CONTROL
campo de control ES-MaACL
005 - FECHA Y HORA DE LA ÚLTIMA TRANSACCIÓN
campo de control 20250823063129.0
008 - DATOS DE LONGITUD FIJA--INFORMACIÓN GENERAL
campo de control de longitud fija 160322s1917 sp |||| | spa d
100 1# - ENTRADA PRINCIPAL--NOMBRE DE PERSONA
Nombre de persona Eza, Luis Marichalar y Monreal,
Títulos y otros términos asociados al nombre Vizconde de,
Fechas asociadas al nombre 1873-1945
9 (RLIN) 76705
245 14 - MENCIÓN DEL TÍTULO
Título Los dos grandes postulados de la economia agraria /
Mención de responsabilidad, etc. por el Vizconde de Eza.
260 ## - PUBLICACIÓN, DISTRIBUCIÓN, ETC.
Lugar de publicación, distribución, etc. Madrid :
Nombre del editor, distribuidor, etc. [s.n.],
Fecha de publicación, distribución, etc. 1917 (
Fabricante Imp. de Bernardo Rodríguez)
300 ## - DESCRIPCIÓN FÍSICA
Extensión 13 p. ;
Dimensiones 25 cm.
595 ## -
-- Separata de: "La Revista Quincenal", año I, número I.- Barcelona, 10 de enero de 1917.
852 ## - LOCALIZACIÓN
Ubicación ES-MaACL
Número de control de estantería 1507-F-3
Holdings
Estatus retirado Estado de pérdida Estado de daño No para préstamo Colección Biblioteca de origen Biblioteca actual Ubicación en estantería Fecha de adquisición Fuente de adquisición Total de préstamos Signatura topográfica completa Código de barras Visto por última vez Precio de reemplazo Tipo de ítem Koha
        Colección de folletos Biblioteca del Ateneo de Madrid Biblioteca del Ateneo de Madrid Depósito folletos 22/03/2016     1507-F-3 1194978 23/02/2023 23/02/2023 Folleto